ABC's of electrical soldering / (Record no. 16600)
[ view plain ]
| 000 -LEADER | |
|---|---|
| fixed length control field | 00725nam a22002292 4500 |
| 001 - CONTROL NUMBER | |
| control field | 16600 |
| 003 - CONTROL NUMBER IDENTIFIER | |
| rucl marc code | BD-RjUL |
| 005 - DATE AND TIME OF LATEST TRANSACTION | |
| control field | 20211209000029.0 |
| 008 - FIXED-LENGTH DATA ELEMENTS--GENERAL INFORMATION | |
| fixed length control field | 140215r19711968ii 001 0 eng d |
| 020 ## - INTERNATIONAL STANDARD BOOK NUMBER | |
| International Standard Book Number | 0572006349 |
| 035 ## - SYSTEM CONTROL NUMBER | |
| System control number | (BD-RjUL)16655 |
| 040 ## - CATALOGING SOURCE | |
| Original cataloging agency | UKM |
| Transcribing agency | UKM |
| Modifying agency | BD-RjUL |
| Language of cataloging | eng |
| 041 ## - LANGUAGE CODE | |
| Language code of text/sound track or separate title | eng |
| 082 04 - DEWEY DECIMAL CLASSIFICATION NUMBER | |
| Classification number | 621.381 |
| Edition number | 18 |
| Author mark and year | DEA 1971 |
| 100 1# - MAIN ENTRY--PERSONAL NAME | |
| Personal name | Dezettel, Louis M. |
| 9 (RLIN) | 51279 |
| 245 10 - TITLE STATEMENT | |
| Title | ABC's of electrical soldering / |
| Statement of responsibility, etc. | with a specially written chapter for the guidance of the English reader by W. Oliver. |
| 260 ## - PUBLICATION, DISTRIBUTION, ETC. (IMPRINT) | |
| Name of publisher, distributor, etc. | Foulsham, |
| Date of publication, distribution, etc. | 1968. [Reprinted 1971] |
| 300 ## - PHYSICAL DESCRIPTION | |
| Pagination | 128 p. : |
| Illustrations | ill. ; |
| Size | 23 cm. |
| 500 ## - GENERAL NOTE | |
| General note | Originally published; Sams, 1968. |
| 830 #0 - SERIES ADDED ENTRY--UNIFORM TITLE | |
| Uniform title | Electronics series (Foulsham) |
| 942 ## - ADDED ENTRY ELEMENTS (KOHA) | |
| Source of classification or shelving scheme | Dewey Decimal Classification |
| Koha item type | Books |
| Lost status | Source of classification or shelving scheme | Damaged status | Not for loan | Collection code | Permanent Location | Current Location | Shelving location | Date acquired | Source of acquisition | Cost, normal purchase price | Total Checkouts | Full call number | Date last seen | Copy number | Koha item type |
|---|---|---|---|---|---|---|---|---|---|---|---|---|---|---|---|
| Dewey Decimal Classification | Not For Loan | Non-fiction | Central Library, University of Rajshahi | Central Library, University of Rajshahi | Reading Room | 27/03/1974 | Book Center | 20.00 | 621.381 DEA 1971 | 15/02/2014 | C-1 | Books |